Evalution Report on facilities available to students and teachers for study and work in the senior basic schools of Tripura (Record no. 494627)

000 -LEADER
fixed length control field 00430cam a22001097a 4500
008 - FIXED-LENGTH DATA ELEMENTS--GENERAL INFORMATION
fixed length control field 180718b1971 xxu||||| |||| 00| 0 eng d
082 ## - DEWEY DECIMAL CLASSIFICATION NUMBER
Classification number P42x5464 T738ev
245 ## - TITLE STATEMENT
Title Evalution Report on facilities available to students and teachers for study and work in the senior basic schools of Tripura
Statement of responsibility, etc. by Evalution Organisation
260 ## - PUBLICATION, DISTRIBUTION, ETC.
Place of publication, distribution, etc. Agartala
Name of publisher, distributor, etc. Evalution Organisation
Date of publication, distribution, etc. 1971
300 ## - PHYSICAL DESCRIPTION
Extent 21p
700 ## - ADDED ENTRY--PERSONAL NAME
Personal name Tripura.Evalution Organisation
Holdings
Withdrawn status Lost status Damaged status Not for loan Permanent Location Current Location Date acquired Full call number Barcode Date last seen Price effective from Koha item type
        Indian Institute of Public Administration Indian Institute of Public Administration 2018-08-04 P42x5464 T738ev GG12586 2018-08-04 2018-08-04 GG

Powered by Koha